| 000 | 00559cam a22002291 4500 | ||
|---|---|---|---|
| 001 | sa 66005569 | ||
| 003 | DLC | ||
| 005 | 20260227112250.0 | ||
| 008 | 890712m19659999xx 000 0 hin | ||
| 010 | _asa 66005569 | ||
| 035 | _a(OCoLC)23561984 | ||
| 040 |
_aDLC _cMiU _dDLC |
||
| 042 | _apremarc | ||
| 050 | 0 | 0 |
_aLA2301 _b.O5 |
| 100 | 1 |
_aOjha, Kamla Pati, _d1926- |
|
| 245 | 1 | 0 | _aDeśa-videśa ke mahāna ṡikshaka. |
| 260 | _c1965- | ||
| 300 |
_av. _c22 cm. |
||
| 500 | _aIn Hindi. | ||
| 504 | _aBibliographical footnotes. | ||
| 650 | 0 | _aEducators | |
| 999 |
_c70013 _d70013 |
||